| 000 | 00781nam a2200217Ia 4500 | ||
|---|---|---|---|
| 999 |
_c50917 _d50917 |
||
| 001 | 17872 | ||
| 003 | GE_BSU | ||
| 005 | 20200226165139.0 | ||
| 008 | 181216s1953 xx |||||||||||||| || || | ||
| 040 | _cGE_BSU | ||
| 041 | _ageo | ||
| 080 | _a821.353.1-2 შ-71 | ||
| 100 |
_aშიუკაშვილი, ნ. _97521 |
||
| 245 |
_aპიესები : / _cნ. შიუკაშვილი ; რედ. შ.დადიანი. |
||
| 264 |
_aთბილისი : _bგამ-ბა "ხელოვნება, _c1953. |
||
| 300 |
_a221 გვ.: _c19 სმ. |
||
| 653 | _aპიესები | ||
| 653 | _aქართული ლიტერატურა | ||
| 700 |
_aდადიანი, შ _eრედაქტორი _97522 |
||
| 942 |
_cBK _2udc |
||